Top Corn Importers (2019) - Statistics

General Stats
  • This quiz has been taken 17 times
  • The average score is 12 of 15
Answer Stats
In USD Answer % Correct
1 Billion China
94%
1.1 Billion Germany
94%
1.3 Billion Italy
88%
3.1 Billion Mexico
88%
2.4 Billion South Korea
88%
2 Billion Spain
88%
1.1 Billion Egypt
81%
3.5 Billion Japan
81%
1.4 Billion Iran
75%
788 Million Malaysia
75%
979 Million Taiwan
75%
1.9 Billion Vietnam
75%
1.4 Billion Netherlands
63%
797 Million Peru
56%
1 Billion Colombia
50%
No matching quizzes found
Score Distribution
Percent of People with Each Score
Percentile by Number Answered
Your Score History
You have not taken this quiz